Sanaristikko: Maailman valtioita - Statistics

Yleistilastot
  • Tätä visaa on pelattu 1 239 kertaa
  • Keskiarvotulos 14 / 28
Vastaustilastot
Vastaukset % Oikein
Norja
81%
Ranska
74%
Irak
72%
Kreikka
71%
Etelä-Korea
68%
Niger
68%
IRAN
63%
Intia
59%
Nauru
59%
Oman
58%
Mauritius
56%
Togo
56%
Marshallinsaaret
50%
Namibia
49%
Unkari
49%
Turkmenistan
48%
RUOTSI
46%
Latvia
44%
Albania
43%
Benin
36%
SVEITSI
36%
Antigua
35%
Salomoninsaaret
34%
JEMEN
33%
AUSTRALIA
28%
Bissau
27%
BRASILIA
25%
ALANKOMAAT
20%
Ehtoja vastaavia visoja ei löytynyt
Tulosjakauma
Jokaisen tuloksen saaneiden osuus
Persentiili vastausten määrän mukaan
Tuloshistoriasi
Et ole pelannut tätä visaa